| 000 | 01566nam a2200493 c 4500 | ||
|---|---|---|---|
| 001 | 52404 | ||
| 003 | ES-MaCES | ||
| 005 | 20250203133958.0 | ||
| 007 | cr ||||||||||| | ||
| 008 | 000000s2022 sp 000 ||spa d | ||
| 017 |
_aNA PE-2022 _bDL |
||
| 020 | _aPE | ||
| 020 | _a9788411246804 (electrónico) | ||
| 040 |
_aES-MaCES _bspa _cES-MaCES |
||
| 245 | 1 | 0 |
_aObservatorio del Ciclo del Agua 2021 _cJoaquín Tornos Mas (dir.) |
| 250 | _a1ª ed | ||
| 260 |
_aCizur Menor (Navarra) _bAranzadi-Thomson Reuters _c2022 |
||
| 300 |
_a588 p. _c24 cm |
||
| 490 | 1 | _aEstudios | |
| 500 | _a Publicación en formato DÚO (papel + libro ectrónico). Disponible en formato electrónico mediante la aplicación PROVIEW | ||
| 504 | _aBibliografía y recursos | ||
| 541 | _cCompra | ||
| 650 | 4 |
_aagua _928816 |
|
| 650 | 4 |
_arecursos hídricos _928722 |
|
| 650 | 4 |
_aabastecimiento de agua _928821 |
|
| 650 | 4 |
_aconservación del agua _928757 |
|
| 650 | 4 |
_adistribución del agua _928817 |
|
| 650 | 4 |
_autilización del agua _928823 |
|
| 650 | 4 |
_aEspaña _926964 |
|
| 650 | 4 |
_aAlemania _926944 |
|
| 650 | 4 |
_aChile _926864 |
|
| 650 | 4 |
_aFrancia _926943 |
|
| 650 | 4 |
_aItalia _926952 |
|
| 650 | 4 |
_aPerú _926892 |
|
| 650 | 4 |
_aPortugal _926960 |
|
| 650 | 4 |
_aestudio de casos _928846 |
|
| 650 | 4 |
_a2021 _939925 |
|
| 650 | 4 |
_aanuario _928963 |
|
| 653 | 1 | 0 | _aPolíticas sectoriales |
| 700 | 1 |
_925020 _aTornos Mas, Joaquín _edir. |
|
| 856 | 4 |
_uhttps://miespacio.aranzadilaley.es/Account/Login _yLegalteca |
|
| 902 | _aLIB Libro | ||
| 942 |
_2CES _cBK _h5.2. |
||
| 999 |
_c52404 _d52404 |
||